[Event "N1 Reykjavik Open 2014"]
[Site "Reykjavik, Iceland"]
[Date "2014.03.11"]
[Round "9.1"]
[White "Li, Chao"]
[Black "Rapport, Richard"]
[Result "1-0"]
[WhiteElo "2700"]
[BlackElo "2681"]
[LiveChessVersion "1.4.2"]

1. d4 
    {[%clk 1:26:57]}
1. ... Nf6 
    {[%clk 1:24:47]}
2. c4 
    {[%clk 1:27:15]}
2. ... g6 
    {[%clk 1:25:07]}
3. Nc3 
    {[%clk 1:27:37]}
3. ... Bg7 
    {[%clk 1:25:32]}
4. e4 
    {[%clk 1:27:57]}
4. ... d6 
    {[%clk 1:25:57]}
5. h3 
    {[%clk 1:28:00]}
5. ... O-O 
    {[%clk 1:26:18]}
6. Nf3 
    {[%clk 1:28:25]}
6. ... Na6 
    {[%clk 1:26:42]}
7. Be3 
    {[%clk 1:28:26]}
7. ... e5 
    {[%clk 1:26:35]}
8. d5 
    {[%clk 1:28:30]}
8. ... Nh5 
    {[%clk 1:26:22]}
9. a3 
    {[%clk 1:27:31]}
9. ... c6 
    {[%clk 1:20:34]}
10. b4 
    {[%clk 1:24:06]}
10. ... c5 
    {[%clk 1:13:05]}
11. Nd2 
    {[%clk 1:06:25]}
11. ... b6 
    {[%clk 1:11:37]}
12. Rb1 
    {[%clk 0:51:05]}
12. ... Bd7 
    {[%clk 1:10:52]}
13. g3 
    {[%clk 0:50:09]}
13. ... Be8 
    {[%clk 1:06:29]}
14. b5 
    {[%clk 0:49:11]}
14. ... Nc7 
    {[%clk 1:00:17]}
15. Be2 
    {[%clk 0:48:09]}
15. ... f5 
    {[%clk 0:56:59]}
16. exf5 
    {[%clk 0:45:39]}
16. ... Nf4 
    {[%clk 0:57:07]}
17. gxf4 
    {[%clk 0:44:58]}
17. ... exf4 
    {[%clk 0:57:26]}
18. Bxf4 
    {[%clk 0:44:55]}
18. ... Rxf5 
    {[%clk 0:56:24]}
19. Bg3 
    {[%clk 0:40:17]}
19. ... Bxc3 
    {[%clk 0:56:39]}
20. O-O 
    {[%clk 0:38:42]}
20. ... a6 
    {[%clk 0:48:23]}
21. Bg4 
    {[%clk 0:26:00]}
21. ... axb5 
    {[%clk 0:46:22]}
22. Ne4 
    {[%clk 0:25:04]}
22. ... Bd4 
    {[%clk 0:40:13]}
23. Bxf5 
    {[%clk 0:22:56]}
23. ... gxf5 
    {[%clk 0:40:23]}
24. Nxd6 
    {[%clk 0:23:20]}
24. ... Bg6 
    {[%clk 0:33:15]}
25. Nxb5 
    {[%clk 0:20:15]}
25. ... Nxb5 
    {[%clk 0:26:00]}
26. Rxb5 
    {[%clk 0:20:38]}
26. ... Rxa3 
    {[%clk 0:25:18]}
27. Rb3 
    {[%clk 0:20:53]}
27. ... Bh5 
    {[%clk 0:24:49]}
28. Qxh5 
    {[%clk 0:16:08]}
28. ... Rxb3 
    {[%clk 0:25:17]}
29. Kh2 
    {[%clk 0:15:17]}
29. ... Qf6 
    {[%clk 0:21:59]}
30. Qe8+ 
    {[%clk 0:12:56]}
30. ... Qf8 
    {[%clk 0:21:40]}
31. Qe6+ 
    {[%clk 0:13:16]}
31. ... Qf7 
    {[%clk 0:22:00]}
32. Rg1 
    {[%clk 0:13:21]}
32. ... Qxe6 
    {[%clk 0:20:47]}
33. dxe6 
    {[%clk 0:13:49]}
1-0

[Event "N1 Reykjavik Open 2014"]
[Site "Reykjavik, Iceland"]
[Date "2014.03.11"]
[Round "9.2"]
[White "Naiditsch, Arkadij"]
[Black "Hansen, Eric"]
[Result "0-1"]
[WhiteElo "2706"]
[BlackElo "2587"]
[LiveChessVersion "1.4.2"]

1. e4 
    {[%clk 1:30:57]}
1. ... c5 
    {[%clk 1:24:52]}
2. Nf3 
    {[%clk 1:31:19]}
2. ... e6 
    {[%clk 1:25:06]}
3. g3 
    {[%clk 1:31:41]}
3. ... Nc6 
    {[%clk 1:25:03]}
4. Bg2 
    {[%clk 1:32:01]}
4. ... Nf6 
    {[%clk 1:24:12]}
5. Qe2 
    {[%clk 1:32:09]}
5. ... e5 
    {[%clk 1:23:50]}
6. Na3 
    {[%clk 1:29:16]}
6. ... d6 
    {[%clk 1:22:10]}
7. c3 
    {[%clk 1:29:24]}
7. ... Be7 
    {[%clk 1:22:16]}
8. O-O 
    {[%clk 1:25:35]}
8. ... O-O 
    {[%clk 1:22:23]}
9. d3 
    {[%clk 1:20:58]}
9. ... Re8 
    {[%clk 1:18:57]}
10. Nc4 
    {[%clk 1:19:18]}
10. ... Bf8 
    {[%clk 1:18:38]}
11. Ne3 
    {[%clk 1:14:06]}
11. ... h6 
    {[%clk 1:17:37]}
12. Nh4 
    {[%clk 1:01:54]}
12. ... g6 
    {[%clk 1:15:39]}
13. Kh1 
    {[%clk 0:55:29]}
13. ... Bg7 
    {[%clk 1:08:10]}
14. Bd2 
    {[%clk 0:54:12]}
14. ... Rb8 
    {[%clk 0:45:32]}
15. Rae1 
    {[%clk 0:46:27]}
15. ... b5 
    {[%clk 0:45:36]}
16. f4 
    {[%clk 0:46:05]}
16. ... exf4 
    {[%clk 0:43:48]}
17. gxf4 
    {[%clk 0:43:03]}
17. ... c4 
    {[%clk 0:34:55]}
18. e5 
    {[%clk 0:38:32]}
18. ... dxe5 
    {[%clk 0:34:44]}
19. Bxc6 
    {[%clk 0:38:38]}
19. ... Re6 
    {[%clk 0:34:45]}
20. Bg2 
    {[%clk 0:31:33]}
20. ... exf4 
    {[%clk 0:34:35]}
21. Rxf4 
    {[%clk 0:30:52]}
21. ... Nh5 
    {[%clk 0:34:35]}
22. Rg4 
    {[%clk 0:30:37]}
22. ... cxd3 
    {[%clk 0:14:10]}
23. Qf3 
    {[%clk 0:27:44]}
23. ... Bb7 
    {[%clk 0:11:56]}
24. Qh3 
    {[%clk 0:21:54]}
24. ... Qe8 
    {[%clk 0:12:09]}
25. Bxb7 
    {[%clk 0:12:13]}
25. ... Rxb7 
    {[%clk 0:12:20]}
26. Rgg1 
    {[%clk 0:12:33]}
26. ... Rbe7 
    {[%clk 0:11:44]}
27. Neg2 
    {[%clk 0:06:59]}
27. ... Qd7 
    {[%clk 0:07:49]}
28. Rxe6 
    {[%clk 0:06:33]}
28. ... Rxe6 
    {[%clk 0:08:17]}
29. Nf5 
    {[%clk 0:06:00]}
29. ... Qd5 
    {[%clk 0:07:49]}
30. Ne3 
    {[%clk 0:01:04]}
30. ... Qxa2 
    {[%clk 0:07:45]}
31. Qf3 
    {[%clk 0:00:42]}
31. ... Qxb2 
    {[%clk 0:07:48]}
32. Rd1 
    {[%clk 0:00:44]}
32. ... Nf6 
    {[%clk 0:04:41]}
33. Nf4 
    {[%clk 0:01:06]}
33. ... Re8 
    {[%clk 0:05:03]}
34. Qc6 
    {[%clk 0:00:39]}
34. ... Qb3 
    {[%clk 0:02:37]}
35. Rf1 
    {[%clk 0:00:36]}
35. ... Rf8 
    {[%clk 0:02:30]}
36. h4 
    {[%clk 0:00:38]}
36. ... Qa4 
    {[%clk 0:02:02]}
37. Nfg2 
    {[%clk 0:00:35]}
37. ... Ne4 
    {[%clk 0:02:11]}
38. Be1 
    {[%clk 0:00:33]}
38. ... d2 
    {[%clk 0:02:27]}
39. h5 
    {[%clk 0:00:39]}
39. ... dxe1=Q 
    {[%clk 0:02:15]}
40. Rxe1 
    {[%clk 0:31:05]}
40. ... Ng3+ 
    {[%clk 0:31:02]}
0-1

[Event "N1 Reykjavik Open 2014"]
[Site "Reykjavik, Iceland"]
[Date "2014.03.11"]
[Round "9.3"]
[White "Van Kampen, Robin"]
[Black "Amin, Bassem"]
[Result "1-0"]
[WhiteElo "2603"]
[BlackElo "2657"]
[LiveChessVersion "1.4.2"]

1. e4 
    {[%clk 1:29:36]}
1. ... e5 
    {[%clk 1:29:54]}
2. Nf3 
    {[%clk 1:30:00]}
2. ... Nc6 
    {[%clk 1:30:20]}
3. Bb5 
    {[%clk 1:30:22]}
3. ... a6 
    {[%clk 1:30:46]}
4. Ba4 
    {[%clk 1:30:45]}
4. ... Nf6 
    {[%clk 1:31:09]}
5. O-O 
    {[%clk 1:31:10]}
5. ... Be7 
    {[%clk 1:31:34]}
6. Re1 
    {[%clk 1:31:35]}
6. ... b5 
    {[%clk 1:31:57]}
7. Bb3 
    {[%clk 1:32:01]}
7. ... d6 
    {[%clk 1:32:23]}
8. c3 
    {[%clk 1:31:31]}
8. ... O-O 
    {[%clk 1:32:46]}
9. h3 
    {[%clk 1:31:58]}
9. ... Nb8 
    {[%clk 1:33:08]}
10. d4 
    {[%clk 1:32:21]}
10. ... Nbd7 
    {[%clk 1:33:30]}
11. Nbd2 
    {[%clk 1:32:41]}
11. ... Bb7 
    {[%clk 1:33:54]}
12. Bc2 
    {[%clk 1:33:05]}
12. ... Re8 
    {[%clk 1:34:13]}
13. Nf1 
    {[%clk 1:33:22]}
13. ... Bf8 
    {[%clk 1:34:33]}
14. Ng3 
    {[%clk 1:33:47]}
14. ... g6 
    {[%clk 1:34:56]}
15. a4 
    {[%clk 1:33:32]}
15. ... c5 
    {[%clk 1:35:19]}
16. d5 
    {[%clk 1:33:56]}
16. ... c4 
    {[%clk 1:35:44]}
17. Bg5 
    {[%clk 1:34:17]}
17. ... h6 
    {[%clk 1:36:06]}
18. Be3 
    {[%clk 1:34:42]}
18. ... Nc5 
    {[%clk 1:36:27]}
19. Qd2 
    {[%clk 1:35:06]}
19. ... h5 
    {[%clk 1:36:51]}
20. Bxc5 
    {[%clk 1:35:28]}
20. ... dxc5 
    {[%clk 1:37:14]}
21. Nf1 
    {[%clk 1:35:46]}
21. ... Nd7 
    {[%clk 1:32:09]}
22. Reb1 
    {[%clk 1:34:29]}
22. ... Nb6 
    {[%clk 1:18:16]}
23. Qe3 
    {[%clk 1:19:47]}
23. ... Nc8 
    {[%clk 1:05:23]}
24. g4 
    {[%clk 1:08:17]}
24. ... hxg4 
    {[%clk 0:56:36]}
25. hxg4 
    {[%clk 1:08:38]}
25. ... Nd6 
    {[%clk 0:56:55]}
26. Ng3 
    {[%clk 1:07:13]}
26. ... Qf6 
    {[%clk 0:55:45]}
27. Ne2 
    {[%clk 1:02:22]}
27. ... Bc8 
    {[%clk 0:53:07]}
28. g5 
    {[%clk 1:00:14]}
28. ... Qh8 
    {[%clk 0:53:19]}
29. axb5 
    {[%clk 0:59:26]}
29. ... Nxb5 
    {[%clk 0:45:30]}
30. Ba4 
    {[%clk 0:54:21]}
30. ... Bd7 
    {[%clk 0:44:47]}
31. Nd2 
    {[%clk 0:46:40]}
31. ... f5 
    {[%clk 0:44:11]}
32. Kg2 
    {[%clk 0:33:02]}
32. ... f4 
    {[%clk 0:40:52]}
33. Qf3 
    {[%clk 0:32:30]}
33. ... Qh4 
    {[%clk 0:38:47]}
34. Rh1 
    {[%clk 0:32:35]}
34. ... Qxg5+ 
    {[%clk 0:39:10]}
35. Kf1 
    {[%clk 0:32:59]}
35. ... Re7 
    {[%clk 0:36:01]}
36. Nxc4 
    {[%clk 0:26:09]}
36. ... Rae8 
    {[%clk 0:21:12]}
37. Bd1 
    {[%clk 0:20:05]}
37. ... Bc8 
    {[%clk 0:12:54]}
38. Ng1 
    {[%clk 0:17:53]}
38. ... Rh7 
    {[%clk 0:06:56]}
39. Rxh7 
    {[%clk 0:12:42]}
39. ... Kxh7 
    {[%clk 0:07:24]}
40. Nb6 
    {[%clk 0:42:17]}
40. ... Bb7 
    {[%clk 0:37:43]}
41. Qh3+ 
    {[%clk 0:38:26]}
41. ... Kg8 
    {[%clk 0:37:58]}
42. Bg4 
    {[%clk 0:33:39]}
42. ... Nd6 
    {[%clk 0:20:08]}
43. Nf3 
    {[%clk 0:28:49]}
43. ... Qd8 
    {[%clk 0:19:00]}
44. Be6+ 
    {[%clk 0:28:12]}
44. ... Kg7 
    {[%clk 0:19:28]}
45. Kg2 
    {[%clk 0:26:08]}
45. ... Nxe4 
    {[%clk 0:04:34]}
46. Rh1 
    {[%clk 0:24:34]}
46. ... Rxe6 
    {[%clk 0:04:11]}
47. Qh8+ 
    {[%clk 0:19:52]}
47. ... Kf7 
    {[%clk 0:04:38]}
48. dxe6+ 
    {[%clk 0:19:44]}
48. ... Ke8 
    {[%clk 0:04:12]}
49. Nd7 
    {[%clk 0:19:49]}
1-0

[Event "N1 Reykjavik Open 2014"]
[Site "Reykjavik, Iceland"]
[Date "2014.03.11"]
[Round "9.4"]
[White "Olafsson, Helgi"]
[Black "Kobalia, Mikhail"]
[Result "1-0"]
[WhiteElo "2546"]
[BlackElo "2646"]
[LiveChessVersion "1.4.2"]

1. d4 
    {[%clk 1:30:10]}
1. ... Nf6 
    {[%clk 1:30:52]}
2. c4 
    {[%clk 1:30:24]}
2. ... c5 
    {[%clk 1:31:02]}
3. d5 
    {[%clk 1:30:31]}
3. ... b5 
    {[%clk 1:31:22]}
4. cxb5 
    {[%clk 1:29:53]}
4. ... a6 
    {[%clk 1:31:47]}
5. b6 
    {[%clk 1:30:18]}
5. ... d6 
    {[%clk 1:31:25]}
6. Nc3 
    {[%clk 1:28:51]}
6. ... g6 
    {[%clk 1:31:39]}
7. e4 
    {[%clk 1:28:28]}
7. ... Bg7 
    {[%clk 1:32:02]}
8. Nf3 
    {[%clk 1:27:54]}
8. ... Nbd7 
    {[%clk 1:31:54]}
9. Be2 
    {[%clk 1:26:42]}
9. ... O-O 
    {[%clk 1:31:44]}
10. O-O 
    {[%clk 1:26:34]}
10. ... Rb8 
    {[%clk 1:32:08]}
11. Bf4 
    {[%clk 1:25:11]}
11. ... Ne8 
    {[%clk 1:19:19]}
12. Rb1 
    {[%clk 1:19:51]}
12. ... Nxb6 
    {[%clk 1:15:31]}
13. Qd2 
    {[%clk 1:13:34]}
13. ... Nc7 
    {[%clk 1:08:27]}
14. h3 
    {[%clk 1:11:06]}
14. ... Nb5 
    {[%clk 0:59:06]}
15. Bh6 
    {[%clk 1:08:27]}
15. ... Nd4 
    {[%clk 0:56:12]}
16. Bxg7 
    {[%clk 1:06:10]}
16. ... Nxf3+ 
    {[%clk 0:51:06]}
17. Bxf3 
    {[%clk 1:06:27]}
17. ... Kxg7 
    {[%clk 0:51:32]}
18. Be2 
    {[%clk 1:04:28]}
18. ... Nd7 
    {[%clk 0:45:10]}
19. a3 
    {[%clk 1:03:24]}
19. ... a5 
    {[%clk 0:42:20]}
20. Bb5 
    {[%clk 1:02:22]}
20. ... Nf6 
    {[%clk 0:42:14]}
21. Rfe1 
    {[%clk 1:01:41]}
21. ... Qb6 
    {[%clk 0:41:29]}
22. e5 
    {[%clk 0:55:01]}
22. ... Nd7 
    {[%clk 0:37:36]}
23. exd6 
    {[%clk 0:49:11]}
23. ... exd6 
    {[%clk 0:36:16]}
24. Bxd7 
    {[%clk 0:48:07]}
24. ... Bxd7 
    {[%clk 0:36:42]}
25. Ne4 
    {[%clk 0:48:33]}
25. ... Rbe8 
    {[%clk 0:31:08]}
26. b4 
    {[%clk 0:46:19]}
26. ... Rxe4 
    {[%clk 0:29:19]}
27. Rxe4 
    {[%clk 0:46:05]}
27. ... Bf5 
    {[%clk 0:29:30]}
28. Rh4 
    {[%clk 0:46:20]}
28. ... h5 
    {[%clk 0:26:28]}
29. Re1 
    {[%clk 0:42:55]}
29. ... cxb4 
    {[%clk 0:25:28]}
30. axb4 
    {[%clk 0:43:14]}
30. ... a4 
    {[%clk 0:25:54]}
31. g4 
    {[%clk 0:42:52]}
1-0

[Event "N1 Reykjavik Open 2014"]
[Site "Reykjavik, Iceland"]
[Date "2014.03.11"]
[Round "9.5"]
[White "Gretarsson, Hjorvar Steinn"]
[Black "Jones, Gawain C B"]
[Result "1-0"]
[WhiteElo "2511"]
[BlackElo "2651"]
[LiveChessVersion "1.4.2"]

1. d4 
    {[%clk 1:29:12]}
1. ... d6 
    {[%clk 1:23:10]}
2. e4 
    {[%clk 1:26:51]}
2. ... Nf6 
    {[%clk 1:23:29]}
3. Nc3 
    {[%clk 1:23:44]}
3. ... g6 
    {[%clk 1:23:51]}
4. Be3 
    {[%clk 1:23:49]}
4. ... a6 
    {[%clk 1:23:52]}
5. a4 
    {[%clk 1:22:30]}
5. ... Bg7 
    {[%clk 1:22:16]}
6. Qd2 
    {[%clk 1:18:46]}
6. ... O-O 
    {[%clk 1:18:38]}
7. Nf3 
    {[%clk 1:15:48]}
7. ... Bg4 
    {[%clk 1:13:06]}
8. Be2 
    {[%clk 1:14:19]}
8. ... Nc6 
    {[%clk 1:11:38]}
9. O-O 
    {[%clk 1:11:04]}
9. ... e5 
    {[%clk 1:07:47]}
10. d5 
    {[%clk 1:08:23]}
10. ... Ne7 
    {[%clk 1:07:37]}
11. g3 
    {[%clk 1:02:28]}
11. ... Bd7 
    {[%clk 0:40:40]}
12. Qd3 
    {[%clk 0:56:05]}
12. ... h6 
    {[%clk 0:31:57]}
13. Nd2 
    {[%clk 0:43:34]}
13. ... Ng4 
    {[%clk 0:30:49]}
14. Bxg4 
    {[%clk 0:43:04]}
14. ... Bxg4 
    {[%clk 0:31:11]}
15. f4 
    {[%clk 0:41:06]}
15. ... Qd7 
    {[%clk 0:27:43]}
16. fxe5 
    {[%clk 0:40:18]}
16. ... dxe5 
    {[%clk 0:28:06]}
17. Nb3 
    {[%clk 0:31:33]}
17. ... Rab8 
    {[%clk 0:26:39]}
18. Nc5 
    {[%clk 0:28:13]}
18. ... Qd8 
    {[%clk 0:26:27]}
19. Nd1 
    {[%clk 0:25:55]}
19. ... Bh3 
    {[%clk 0:24:21]}
20. Rf3 
    {[%clk 0:24:37]}
20. ... Bg4 
    {[%clk 0:23:55]}
21. Rf1 
    {[%clk 0:25:03]}
21. ... Bh3 
    {[%clk 0:24:13]}
22. Rf3 
    {[%clk 0:25:29]}
22. ... a5 
    {[%clk 0:19:34]}
23. Nf2 
    {[%clk 0:23:39]}
23. ... Bc8 
    {[%clk 0:19:53]}
24. Rd1 
    {[%clk 0:18:38]}
24. ... b6 
    {[%clk 0:18:08]}
25. Nb3 
    {[%clk 0:16:47]}
25. ... g5 
    {[%clk 0:18:15]}
26. h3 
    {[%clk 0:15:45]}
26. ... Ng6 
    {[%clk 0:16:29]}
27. Nd2 
    {[%clk 0:12:15]}
27. ... Bd7 
    {[%clk 0:15:49]}
28. b3 
    {[%clk 0:11:42]}
28. ... h5 
    {[%clk 0:15:01]}
29. Nc4 
    {[%clk 0:11:17]}
29. ... Bh6 
    {[%clk 0:08:53]}
30. Bc1 
    {[%clk 0:09:37]}
30. ... Qc8 
    {[%clk 0:07:25]}
31. Ne3 
    {[%clk 0:07:59]}
31. ... g4 
    {[%clk 0:06:15]}
32. hxg4 
    {[%clk 0:05:01]}
32. ... Bxe3 
    {[%clk 0:06:14]}
33. Qxe3 
    {[%clk 0:04:32]}
33. ... Bxg4 
    {[%clk 0:06:31]}
34. Qh6 
    {[%clk 0:02:55]}
34. ... Bxf3 
    {[%clk 0:03:11]}
35. Bg5 
    {[%clk 0:03:22]}
35. ... f5 
    {[%clk 0:03:15]}
36. Qxg6+ 
    {[%clk 0:03:46]}
36. ... Kh8 
    {[%clk 0:03:44]}
37. Qh6+ 
    {[%clk 0:03:36]}
37. ... Kg8 
    {[%clk 0:04:13]}
38. Qg6+ 
    {[%clk 0:03:59]}
38. ... Kh8 
    {[%clk 0:04:42]}
39. Bf6+ 
    {[%clk 0:04:20]}
39. ... Rxf6 
    {[%clk 0:05:08]}
40. Qxf6+ 
    {[%clk 0:34:45]}
40. ... Kg8 
    {[%clk 0:35:12]}
41. Rd3 
    {[%clk 0:28:25]}
41. ... fxe4 
    {[%clk 0:32:17]}
42. Qg6+ 
    {[%clk 0:27:13]}
42. ... Kf8 
    {[%clk 0:31:46]}
43. Rc3 
    {[%clk 0:21:39]}
43. ... c5 
    {[%clk 0:27:39]}
44. dxc6 
    {[%clk 0:19:56]}
44. ... Qc7 
    {[%clk 0:27:44]}
45. Nxe4 
    {[%clk 0:19:17]}
45. ... Bxe4 
    {[%clk 0:27:52]}
46. Qxe4 
    {[%clk 0:19:09]}
46. ... Rd8 
    {[%clk 0:26:57]}
47. Qf3+ 
    {[%clk 0:16:16]}
47. ... Ke7 
    {[%clk 0:24:11]}
48. Qxh5 
    {[%clk 0:15:15]}
48. ... Qd6 
    {[%clk 0:23:10]}
49. Qh7+ 
    {[%clk 0:11:54]}
49. ... Ke8 
    {[%clk 0:23:31]}
50. Qg8+ 
    {[%clk 0:11:30]}
50. ... Ke7 
    {[%clk 0:23:58]}
51. Qg7+ 
    {[%clk 0:11:44]}
51. ... Ke8 
    {[%clk 0:24:24]}
52. Rf3 
    {[%clk 0:08:20]}
52. ... Qc5+ 
    {[%clk 0:24:09]}
53. Kh2 
    {[%clk 0:07:32]}
53. ... Rd1 
    {[%clk 0:21:52]}
54. Qg8+ 
    {[%clk 0:07:16]}
54. ... Ke7 
    {[%clk 0:22:20]}
55. Rf7+ 
    {[%clk 0:07:35]}
55. ... Ke6 
    {[%clk 0:22:45]}
56. Qg6+ 
    {[%clk 0:07:50]}
56. ... Kd5 
    {[%clk 0:23:11]}
57. Rd7+ 
    {[%clk 0:08:15]}
1-0

[Event "N1 Reykjavik Open 2014"]
[Site "Reykjavik, Iceland"]
[Date "2014.03.11"]
[Round "9.6"]
[White "Ezat, Mohamed"]
[Black "L'Ami, Erwin"]
[Result "0-1"]
[WhiteElo "2439"]
[BlackElo "2646"]
[EventDate "2014.??.??"]
[Annotator "peturla"]
[PlyCount "104"]
[TimeControl "6000+1035"]
[WhiteClock "0:14:04"]
[BlackClock "0:16:29"]

1. d4 Nf6 2. c4 e6 3. g3 d5 4. Nf3 Bb4+ 5. Bd2 Be7 6. Bg2 O-O 7. O-O c6 8.
 Qc2 Nbd7 9. Bf4 a5 10. c5 b6 11. cxb6 Qxb6 12. Nc3 Ba6 13. Rfc1 Rfc8 14. 
Na4 Qb7 15. Bg5 c5 16. Bxf6 Bxf6 17. dxc5 Bb5 18. Rab1 Bxa4 19. Qxa4 Nxc5 
20. Qd1 Ne4 21. Rxc8+ Rxc8 22. Ne1 Nc5 23. Qd2 Qb4 24. Qc2 Rb8 25. a3 Qc4 
26. b4 Qxc2 27. Nxc2 Na4 28. e3 Nc3 29. Re1 axb4 30. axb4 Rc8 31. Bf1 Na2 
32. Bd3 Rc3 33. Rd1 Rb3 34. Kf1 g6 35. b5 Nc3 36. Na1 Rb2 37. Rc1 Kg7 38. 
Nc2 e5 39. f3 e4 40. fxe4 dxe4 41. Bc4 Nxb5 42. Ke1 Nd6 43. Be2 Bc3+ 44. 
Kd1 h5 45. Na3 Bb4 46. Nc4 Nf5 47. h3 Ra2 48. Rc2 Rxc2 49. Kxc2 Nxg3 50. 
Bd1 f5 51. Kb3 Bc5 52. Kc3 Nf1 0-1

[Event "N1 Reykjavik Open 2014"]
[Site "Reykjavik, Iceland"]
[Date "2014.03.11"]
[Round "9.7"]
[White "Gajewski, Grzegorz"]
[Black "Lie, Espen"]
[Result "1-0"]
[WhiteElo "2631"]
[BlackElo "2456"]
[EventDate "2014.??.??"]
[Annotator "peturla"]
[PlyCount "71"]
[TimeControl "6000+1330"]
[WhiteClock "0:22:48"]
[BlackClock "0:12:54"]

1. d4 Nf6 2. c4 g6 3. g3 Bg7 4. Bg2 O-O 5. Nc3 d6 6. Nf3 Nbd7 7. O-O e5 8.
 e4 exd4 9. Nxd4 Re8 10. h3 Nc5 11. Re1 h6 12. Rb1 Bd7 13. Kh2 Qc8 14. f4 
Ne6 15. Be3 a6 16. Qd2 Kh7 17. Rbd1 Rb8 18. Nb3 Nf8 19. c5 dxc5 20. e5 Ng8
21. Nxc5 Be6 22. Nxe6 Nxe6 23. Nd5 Ne7 24. Nxe7 Rxe7 25. Qc2 Nf8 26. h4 b6
27. Bc6 h5 28. b3 Qg4 29. Kg2 Kh8 30. Bc1 Qc8 31. Ba3 Re6 32. Bd5 c5 33. 
Bxe6 Nxe6 34. Bb2 b5 35. f5 Qb7+ 36. Kh2 1-0

[Event "N1 Reykjavik Open 2014"]
[Site "Reykjavik, Iceland"]
[Date "2014.03.11"]
[Round "9.8"]
[White "Elsness, Frode"]
[Black "Rozentalis, Eduardas"]
[Result "0-1"]
[WhiteElo "2479"]
[BlackElo "2623"]
[LiveChessVersion "1.4.2"]

1. d4 
    {[%clk 1:30:56]}
1. ... Nf6 
    {[%clk 1:30:47]}
2. c4 
    {[%clk 1:31:22]}
2. ... e6 
    {[%clk 1:31:15]}
3. g3 
    {[%clk 1:31:27]}
3. ... Bb4+ 
    {[%clk 1:30:10]}
4. Bd2 
    {[%clk 1:31:40]}
4. ... a5 
    {[%clk 1:30:21]}
5. Bg2 
    {[%clk 1:31:15]}
5. ... d5 
    {[%clk 1:27:42]}
6. Nf3 
    {[%clk 1:31:21]}
6. ... Nc6 
    {[%clk 1:26:52]}
7. O-O 
    {[%clk 1:30:17]}
7. ... O-O 
    {[%clk 1:26:44]}
8. Qc2 
    {[%clk 1:20:00]}
8. ... Ne4 
    {[%clk 1:20:59]}
9. Bf4 
    {[%clk 1:16:41]}
9. ... Bd6 
    {[%clk 1:12:38]}
10. Bxd6 
    {[%clk 1:13:36]}
10. ... Qxd6 
    {[%clk 1:12:00]}
11. Nc3 
    {[%clk 1:10:41]}
11. ... Nxc3 
    {[%clk 1:08:14]}
12. bxc3 
    {[%clk 1:04:12]}
12. ... h6 
    {[%clk 0:57:07]}
13. cxd5 
    {[%clk 0:55:45]}
13. ... exd5 
    {[%clk 0:57:23]}
14. c4 
    {[%clk 0:55:02]}
14. ... Nb4 
    {[%clk 0:51:42]}
15. Qc3 
    {[%clk 0:53:00]}
15. ... dxc4 
    {[%clk 0:51:27]}
16. a3 
    {[%clk 0:52:45]}
16. ... Be6 
    {[%clk 0:49:37]}
17. e4 
    {[%clk 0:44:36]}
17. ... c6 
    {[%clk 0:44:14]}
18. Rab1 
    {[%clk 0:40:27]}
18. ... Na2 
    {[%clk 0:42:28]}
19. Qa1 
    {[%clk 0:29:55]}
19. ... c3 
    {[%clk 0:39:18]}
20. d5 
    {[%clk 0:24:11]}
20. ... cxd5 
    {[%clk 0:33:16]}
21. e5 
    {[%clk 0:21:40]}
21. ... Qxa3 
    {[%clk 0:32:11]}
22. Rfc1 
    {[%clk 0:16:09]}
22. ... Bf5 
    {[%clk 0:29:53]}
0-1